000 00613nam a2200241Ia 4500
003 OSt
005 20221005064222.0
006 a|||||r|||| 00| 0
007 ta
008 221004b |||||||| |||| 00| 0 eng d
024 _a34468
037 _cTextual
040 _aCRL
_cCRL
_beng
041 _2eng
_aeng
082 _aO13,1:g, L0
100 _aHouse Humphry
245 0 _aAristotle's poetics
260 _aLudhiana
_bKalyani Publishers India
300 _a128p.
_ccm.
650 _aENGLISH LITERATURE
942 _hO13,1:g, L0
_cTEXL
_2cc
999 _c972621
_d972621